000 00591cam a2200217ua 4500
020 _a0-07-460318-3
_c84.00
041 _aeng
_h
082 _a005.133
_bROY/CO
100 _aROY , M.K .
245 _aCobol Programming : Including MS Cobol and Cobol-85 /
_cM.K. ROY.
_hTextual Documents
250 _a2 /
_b.
260 _aNew Delhi :
_bTata Me-Grew -hill Publishing Co; Ltd ,
_c1989.
300 _a496 ; .
365 _a84.00
500 _a17962, 17963, CSS
504 _a
700 1 _aDastidar, Ghosh .D .
942 _cBK
999 _c2765
_d2765